Barbados Country Quiz - Statistics

General Stats
  • This quiz has been taken 19,820 times
    19,491 since last reset
  • The average score is 9 of 12
Answer Stats
Hint Answer % Correct
Official language English
99%
Barbados is the easternmost island in this chain Lesser {Antilles}
90%
Weapon depicted on the flag (a symbol of the god Poseidon) Trident
88%
Industry which accounts for about 35% of the GDP of Barbados Tourism
83%
Most popular sport Cricket
82%
International pop singer from Barbados (born in 1988 as Robyn Fenty) Rihanna
82%
Main cash crop of Barbados during colonial times Sugar
77%
Capital Bridgetown
71%
Beverage produced by the Mount Gay company since 1703 Rum
68%
Barbados is home to four types of this animal: green, loggerhead, hawksbill, and leatherback Sea Turtle
68%
The island is divided into 11 of these administrative divisions (starts with P) Parishes
48%
Fruit discovered by accident in Barbados that is a cross of an orange and a pomelo Grapefruit
46%
No matching quizzes found
Score Distribution
Percent of People with Each Score
Percentile by Number Answered
Your Score History
You have not taken this quiz since the last reset